Skúsenosť so vzkrieseným Kristom v liturgických textoch Paschy

Bibliographic Details
Main Author: Mojzeš, Marcel, 1975- (Author)
Format: Article
Language:Slovak
Subjects:
Online Access:www.logos@stonline.sk

MARC

LEADER 00000nab a2200000 a 4500
001 vtls001516750
003 SK-MaSNL
005 20260303231612.0
008 050302c2004 xo mr|p|||||||000 b|slo
015 |a SNBRB2005/03 
038 |a SNKBUCL 
040 |a SNKBUCL  |b slo  |c SNKBUCL  |e AACR2 
041 0 |a slo 
044 |a xo  |c SK 
080 |a 296.382.1  |2 UDC-MRF-SK2 
080 |a 232  |2 UDC-MRF-SK2 
100 1 |a Mojzeš, Marcel,  |d 1975-  |4 aut  |9 144865 
245 1 0 |a Skúsenosť so vzkrieseným Kristom v liturgických textoch Paschy  |c Marcel Mojzeš 
650 0 7 |a Pascha  |2 snkbucl  |9 848311 
650 0 7 |a Ježiš Kristus  |x vzkriesenie  |2 snkbucl  |9 1266820 
773 0 |t Logos  |g Roč. V., č. 1 (2004), s. 14-17 
852 |a SNK  |b KIS3GCP 
856 4 1 |u www.logos@stonline.sk 
999 |c 2267613  |d 2269543